000 02288nam0a2200373 4500
001 RU\NLR\BIBL_A\016230745
005 20260405174733.0
010 _a978-5-17-150514-1
_92000
021 _aRU
_b2022-76462
_9КН-П-6676
035 _a(RuMoRGB)011336269
035 _a(NLR Aleph) 016230745
090 _a12766640
_c12766640
100 _a20221207d2022 |||y0rusy50 ca
101 0 _aeng
102 _aRU
105 _ay z 000ay
181 0 _ai
_baxxe
182 0 _an
200 1 _aLittle women
_fLouisa May Alcott
203 _aТекст
_bвизуальный
_cнепосредственный
210 _aМосква
_cАСТ
_d2022
215 _a378, [1] с.
_d19
225 1 _aExclusive classics hardcover
300 _aВ вып. дан.: Маленькие женщины / Луиза Мэй Олкотт
330 _aАмериканская писательница Луиза Мэй Олкотт в одночасье стала знаменитой благодаря роману "Маленькие женщины", в основу которого легли ее собственные детские воспоминания, что сделало произведение частично автобиографическим. История повествует о четырех сестрах Марч: своенравной и талантливой Джо, хрупкой и мягкосердечной Бэт, красивой и кокетливой Мэг, а также романтичной и избалованной Эми. Вместе они справляются с потерями и невзгодами, узнают, что такое настоящая дружба, влюбляются, постигают нелегкую науку взросления и находят свое место в этом мире. Текст произведения дан в оригинале в неизменном виде
333 _a12+
517 1 _aМаленькие женщины
686 0 _aШ9(7США)62-4
700 1 _8eng
_7ba
_aAlcott
_bL. M.
_f1832-1888
_gLouisa May
_3RU\NLR\AUTH\7775910
_958838
942 _cBOOK
980 _aNB